000 00555nam a2200193 4500
001 113651
003 ES-MaACL
007 t|
008 061121s1941 sp r ||||1| spa d
100 1 _aNogier, Thomas.
_985852
245 1 0 _aFisioterapia, Electroterapia /
_cThomas Nogier.
250 _a3ª. ed.
260 _aBarcelona :
_bSalvat,
_c1941.
300 _a2 v. :
_bil. ;
_c22 cm.
490 1 _aBiblioteca terapeútica ;
_v4
830 0 _aBiblioteca terapeútica ;
_v4
_9233208
852 _aES-MaACL
_jE-440-41
_bR.21026
999 _c113651
_d113651